| 000 | 00425nam a2200157Ia 4500 | ||
|---|---|---|---|
| 008 | 240729s9999 xx 000 0 und d | ||
| 022 | _a2391-5439 | ||
| 245 | 0 | _aOpen Engineering | |
| 260 | _aPoland | ||
| 260 | _bDe Gruyter | ||
| 650 | _a Engineering (General). Civil engineering (General) | ||
| 650 | _aTechnology | ||
| 856 | _uhttps://doaj.org/toc/7c33c1f857a74be69bc129d19da5cb70 | ||
| 942 | _2ddc | ||
| 942 | _cDOAJEJ | ||
| 999 |
_c68073 _d68073 |
||
| 945 |
_a1 _bMadushi Gamage _c1 _dMadushi Gamage |
||